000 00847pam a2200265 a 4500
001 1997079
005 20180302041328.0
008 901023s1991 nyu b 001 0 eng
010 _a 90022219
020 _a0814714501 (alk. paper)
035 _a(DLC)1997079
035 _a(DLC)90022219
040 _aDLC
_cDLC
_dDLC
041 _aeng
043 _an-us-ca
080 _a306.89
082 0 0 _a306.89 CHI
_220
100 1 _a50
101 _aSOC
245 1 0 _aDivorce :
_cDavid A. Chiriboga, Linda S. Catron and associates.
504 _aIncludes bibliographical references (p. 293-311) and index.
906 _a7
_bcbc
_corignew
_d1
_eocip
_f19
_gy-gencatlg
942 _2ddc
_cBK
999 _c43957
_d43957